Diplomacy in peace and war : (Record no. 4973)
[ view plain ]
| 000 -LEADER | |
|---|---|
| fixed length control field | 01517cam a2200241 4500 |
| 001 - CONTROL NUMBER | |
| control field | 5889 |
| 005 - DATE AND TIME OF LATEST TRANSACTION | |
| control field | 20181127180500.0 |
| 008 - FIXED-LENGTH DATA ELEMENTS--GENERAL INFORMATION | |
| fixed length control field | 790910s1979 ii cf 001 0 eng |
| 010 ## - LIBRARY OF CONGRESS CONTROL NUMBER | |
| LC control number | 79901443 |
| 020 ## - INTERNATIONAL STANDARD BOOK NUMBER | |
| International Standard Book Number | 9788121213493 |
| Terms of availability | |
| 100 1# - MAIN ENTRY--PERSONAL NAME | |
| Personal name | Kaul, Triloki Nath, |
| Dates associated with a name | 1913- |
| 245 10 - TITLE STATEMENT | |
| Title | Diplomacy in peace and war : |
| Remainder of title | recollections and reflections / |
| Statement of responsibility, etc. | T. N. Kaul. |
| 260 ## - PUBLICATION, DISTRIBUTION, ETC. | |
| Place of publication, distribution, etc. | New Delhi : |
| Name of publisher, distributor, etc. | Gyan, |
| Date of publication, distribution, etc. | 2016. |
| 300 ## - PHYSICAL DESCRIPTION | |
| Extent | x, 251 p., [4] leaves of plates : |
| Other physical details | ports. ; |
| Dimensions | 23 cm. |
| 500 ## - GENERAL NOTE | |
| General note | Donated by Ashi Kesang Choden Wangchuck. |
| General note | Includes index. |
| 505 ## - FORMATTED CONTENTS NOTE | |
| Formatted contents note | Legacy of Gandhi --Stalin's Russia -- Truman's America -- China Calling -- En-route to Peking -- Mao's China -- Tibet -- India and China -- China(Early Fifties) -- Farewell to China -- Return of the Native -- Nehru's policy and External Affairs Ministry( Nepal, Bhutan, Sikkim) -- The Panchsheel Agreement -- Sino-Indian Relations -- Khruschev's Russia -- The Soviet Leaders and People -- Nehru, Shastri and Tashkent -- Tashkent Conference -- The Emergence of Indira Gandhi -- Rise of Indira Gandhi -- Indo-Bangladesh Treaty and Simla Agreement-- Further Rise and Fall of Indira Gandhi -- Nixon's America -- The "other" American(and Other Worlds) -- India Today. |
| Miscellaneous information | |
| Statement of responsibility | |
| Title | |
| 600 10 - SUBJECT ADDED ENTRY--PERSONAL NAME | |
| Personal name | Kaul, Triloki Nath, |
| Dates associated with a name | 1913- |
| 650 #0 - SUBJECT ADDED ENTRY--TOPICAL TERM | |
| Topical term or geographic name entry element | World politics |
| Chronological subdivision | 1945-1989. |
| 651 ## - SUBJECT ADDED ENTRY--GEOGRAPHIC NAME | |
| Geographic name | India -- Foreign relations -- 20th century. |
| Form subdivision | |
| General subdivision | |
| Chronological subdivision | |
| Geographic subdivision | |
| Source of heading or term | |
| Geographic name | India -- Politics and government -- 20th century. |
| Form subdivision | |
| General subdivision | |
| Chronological subdivision | |
| Geographic subdivision | |
| Source of heading or term | |
| Withdrawn status | Lost status | Source of classification or shelving scheme | Damaged status | Not for loan | Collection code | Home library | Current library | Shelving location | Date acquired | Serial Enumeration / chronology | Inventory number | Total Checkouts | Total Renewals | Full call number | Barcode | Date last seen | Date last checked out | Price effective from | Koha item type |
|---|---|---|---|---|---|---|---|---|---|---|---|---|---|---|---|---|---|---|---|
| Dewey Decimal Classification | Main TEST | RTC Library | RTC Library | Main opac | 09/11/2022 | 9351 | 2 | 2 | 327.54 KAU | 30008599 | 05/05/2023 | 09/11/2022 | 27/11/2018 | Main |